Guide to good writing / (Record no. 144393)

MARC details
000 -LEADER
fixed length control field 00608nam a22001937a 4500
005 - DATE AND TIME OF LATEST TRANSACTION
control field 20181031124914.0
010 ## - LCCN (DPL NO)
LC control number B-710698
020 ## - INTERNATIONAL STANDARD BOOK NUMBER
International Standard Book Number 9788130931173
Terms of availability 495.00
035 ## - SYSTEM CONTROL NUMBER
System control number B-710698
037 ## - SOURCE OF ACQUISITION
Source of stock number/acquisition Viva
Stock number dpl
100 ## - MAIN ENTRY--PERSONAL NAME
Personal name Manser, Martin H.
245 ## - TITLE STATEMENT
Title Guide to good writing /
Statement of responsibility, etc by Martin H. Manser
260 ## - PUBLICATION, DISTRIBUTION, ETC. (IMPRINT)
Date of publication, distribution, etc 2017
Place of publication, distribution, etc New Delhi
Name of publisher, distributor, etc Viva Books
270 ## - ADDRESS
Address 4737/23, Ansari Road, Darya Ganj,
City New Delhi
Postal code 110002
300 ## - PHYSICAL DESCRIPTION
Dimensions 23cm(pbk)
Extent x,405p.
500 ## - GENERAL NOTE
General note Includes index
942 ## - ADDED ENTRY ELEMENTS (KOHA)
Item type English Books
Source of classification or shelving scheme Dewey Decimal Classification
Call number suffix MAN
Classification part 488.0071
Holdings
Withdrawn status Lost status Not for loan Collection code Home library Current library Date acquired Source of acquisition Cost, normal purchase price Full call number Barcode Copy number Cost, replacement price Koha item type
      Non-fiction Ashok Vihar Ashok Vihar 31/10/2018 Gift /16.10.2018 495.00 488.0071 MAN B-710698 1 495.00 English Books

© Delhi Public Library
Hit Counter
free hit counter